| 000 | 00569nam a2200217 a 4500 | ||
|---|---|---|---|
| 001 | 0001-1994 | ||
| 003 | ELIB.Books | ||
| 008 | 190207 2010 eng | ||
| 020 | _a9781901242751 | ||
| 092 |
_a616.89 Pat _bPat |
||
| 100 | _aPatel, Vikram. | ||
| 245 | _aWhere There Is No Psychiatrist | ||
| 260 |
_aIndia _bGASKELL _c2016 |
||
| 300 |
_a265 _c24.1 cm |
||
| 650 | _aPsycho therapy | ||
| 856 |
_nKBTS Library _uKBTS Elib |
||
| 942 |
_2ddc _cBK |
||
| 990 | _a2 | ||
| 998 |
_aEnglishbooks.elf _ccat _e2019-02-07 _mcat _u2019-02-07 |
||
| 999 |
_c11994 _d11994 |
||